La soledad christiana, en que la luz del cielo se consideran las eternas verdades, ...

Detalles Bibliográficos
Autor principal: TOMAY, Ignacio
Formato: Libro
Publicado: México 1752
Materias:
Colección:Banco de datos
Acervo:Biblioteca del Ex Convento de Nuestra Señora de Guadalupe. Zacatecas
Tema general:Ascética
Notas:Mala. XIV,2,34 (4730)
LEADER 00712nam a22001930004500
035 |a 46097 
036 |a 7281 
100 1 |a TOMAY, Ignacio. 
245 1 0 |a La soledad christiana, en que la luz del cielo se consideran las eternas verdades, ... 
260 |a México  |b imp. Viuda de José Bernardo de Hogal  |c 1752 
500 |a Mala. XIV,2,34 (4730) 
650 1 0 |a Ascética 
949 |a CRZ-CG 
959 |a Ex convento de Nuestra Señora de Guadalupe, Museo Regional de Zacatecas, Zacatecas  |b CCC4 
960 |a Convento de Nuestra Señora de Guadalupe, Zacatecas  |b DD87 
961 |a Franciscana  |b OF 
942 |c CRZ-CG 
943 |g Biblioteca del Ex Convento de Nuestra Señora de Guadalupe. Zacatecas 
999 |c 970224  |d 970224